| 000 | 01061nam a2200301 a 4500 | ||
|---|---|---|---|
| 001 | 000111732 | ||
| 003 | CHAP | ||
| 005 | 20220329144226.0 | ||
| 008 | 150722s2015 mx a |rm |0|||||spa d | ||
| 010 | _a108193 | ||
| 011 | _a109165 | ||
| 040 | _cCHAP | ||
| 090 | _aTesis | ||
| 100 | 1 |
_aHernández Sánchez, Carlos Alberto _9129679 |
|
| 245 | 1 | 0 |
_aLiberaciones de Diachasmimorpha longicaudata (Hymenoptera: Braconidae) en el control biológico de mosca de la fruta (Diptera: Tephritidae) / _cCarlos Alberto Hernández Sánchez. |
| 260 |
_aCocula, Gro. : _bEl autor, _c2015. |
||
| 300 |
_axiii, 94 h. : _bil., cuadrs. |
||
| 502 | _aTesis (Ing. Agr. Fitotecnista) -- CSAEGRO. Centro de Estudios Profesionales | ||
| 590 |
_aE5995AHE _b05 _c20150722 _lUCH01 _h1352 |
||
| 590 |
_aE5995AHE _b05 _c20150722 _lUCH01 _h1404 |
||
| 650 | 1 | 4 |
_aControl biológico de plagas. _927587 |
| 650 | 1 | 4 |
_aFruta _xPlagas. _943646 |
| 650 | 1 | 4 |
_aInsectos _xParásitos y predatores. _958939 |
| 650 | 1 | 4 |
_aMosca de la fruta. _978989 |
| 901 | _aBK | ||
| 942 | _cTESIS | ||
| 942 | _n0 | ||
| 999 |
_c108193 _d108193 |
||